Международный менеджмент (Запис № 313585)

МАРК-запис
000 -Лідер
fixed length control field 00786nam a22003017a 4500
001 - Контрольний номер
control field 27241
003 - Ідентифікатор контрольного номера
control field UA-OsUOA
005 - Дата та час останнього входження (трансакції)
control field 20200322172224.0
007 - Фіксоване поле фізичного опису
fixed length control field ta
008 - Елементи даних фіксованої довжини – загальна інформація
fixed length control field 20040621b un ||||| |||| 00| 0 ukr d
020 ## - Міжнародний стандартний книжковий номер (ISBN)
Міжнародний стандартний книжковий номер (ISBN) (НП) 5272002741
040 ## - Джерело каталогізації
Агенція оригінальної каталогізації UA-OsUOA
Мова каталогізації rus
Агенція, яка здійснювала перезапис UA-OsUOA
Агенція, яка здійснювала модифікацію UA-OsUOA
041 ## - Код мови
Код мови тексту/ звукової доріжки чи окремого заголовка (П) rus
044 ## - Код країни видавця/ виробника
Код країни видавця/ виробника (П) RU
080 ## - Індекс Універсальної десяткової класифікації
Індекс Універсальної десяткової класифікації (УДК) (НП) 658(075.8)
090 ## - Локальний шифр розміщення
Класифікаційний індекс УДК 658(075.8)
Авторський знак (НП) П32
100 ## - Основне введення – ім’я особи
Ім’я особи (НП) Пивоваров С. Э.
245 ## - Відомості про назву
Назва (НП) Международный менеджмент
Решта назви (НП) учеб. пособ.
260 ## - Публікація, розповсюдження і т.п. (Вихідні дані)
Місце публікації, розповсюдження і т.п. (П) СПб.
Ім’я/ наймення видавництва, розповсюджувача і т.п. (П) Питер
Дата публікації, розповсюдження і т.п. (П) 2000
300 ## - Фізичний опис
Обсяг 256 с.
650 #7 - Додаткове предметне введення – тематичний термін
Джерело заголовка чи терміна UDC
700 ## - Додаткове введення – ім'я особи
Ім’я особи (НП) Майзель А. И.
700 ## - Додаткове введення – ім'я особи
Ім’я особи (НП) Пивоваров И. С.
700 ## - Додаткове введення – ім'я особи
Ім’я особи (НП) Тумарова Т. Г.
700 ## - Додаткове введення – ім'я особи
Ім’я особи (НП) Эпштейн М. З.
942 ## - Додаткові елементи входу (Коха)
Тип елемента Koha Книги
Source of classification or shelving scheme Universal Decimal Classification
955 ## - Код типу видання за змістом
Код типу видання за змістом (НП) інше
Фонди
Стан вилучень Стан втрат Джерело класифікації або схеми стелажів Стан уражень Не для кредиту Постійне місце розташування Поточне розміщення Дата придбання Вартість, звичайна ціна покупки Інвентарний номер Усього замовленно Повний номер виклику Штрих-код Дата останнього перегляду Ціна ефективна від Тип елемента Koha
    Universal Decimal Classification     ЧЗ - Читальна зала ЧЗ - Читальна зала 21/06/2004 34.00 79751   658(075.8) П32 79751 07/02/2022 21/06/2004 Книги